Score 0/51 Timer 03:00
0 Plays Today
% Correct
fire,
96.7%
I
96.3%
ice.
96%
fire.
96%
I
95.7%
I
95.5%
ice
94.8%
the
89.3%
in
79.7%
in
79.5%
And
78.8%
will
69.2%
world
65.5%
Some
65.2%
Some
65%
end
64.9%
of
64.4%
say
64%
say
63.9%
of
63.7%
say
62.4%
to
62.3%
To
62%
Is
61.5%
what
58.4%
But
57.1%
% Correct
if
57%
who
55.5%
it
54.7%
From
54.5%
that
53.2%
would
52.9%
with
52.8%
those
49.6%
for
48.9%
know
48.8%
suffice.
48.6%
desire
47.7%
I've
47.1%
think
46.7%
favor
43.9%
had
41.6%
twice,
40.6%
hold
39.5%
tasted
39.3%
hate
37.5%
enough
37.4%
also
37%
perish
36.8%
great
34.4%
destruction
31.3%

You're not logged in!

Compare scores with friends on all Sporcle quizzes.
OR
Log In

Sporcle TV

Today on Sporcle TV


Watch our educational content, quiz creation guides, and fun videos on Sporcle TV.

Show Comments

Extras

Top Quizzes Today


Score Distribution

Paid Content

Your Account Isn't Verified!

In order to create a playlist on Sporcle, you need to verify the email address you used during registration. Go to your Sporcle Settings to finish the process.

Report this User

Report this user for behavior that violates our Community Guidelines.

Details: